Movies Quiz

Random Movies or Disney Quiz

Disney Character by Motivation Quiz Stats

 Plays Quiz Updated Feb 9, 2012

     
Support Sporcle.
Go Orange.
Score 0/18 Timer 06:00
2 Plays Today
Motivation Character % Correct
Honor. Honor honor honor honor honor.Mulan
73%
Needs to find a bunnyAlice
68.2%
Wants a species correction, has some daddy issuesAriel or Tiana
64.3%
Just wants a place to belong, oh, and immortalityHercules
63.4%
Desires the respect of a mirrorQueen
60.3%
Staying in the wilderness, tiger or no tigerMowgli
52%
An odd taste in fashionCruella De Vil
48.3%
Wants adventure in the great wide somewhereBelle
45%
Unknown- maybe venison, maybe the sport of itMan
39.9%
Motivation Character % Correct
Long term: money, power; Short term: escaping jailAladdin
38.4%
Offended for not being invited to a partyMaleficent
29.7%
Wants to quit his job and find a bigger living spaceGenie
26.1%
Hypocritical bigotry against sinful non-ChristiansClaude Frollo
22.8%
Has to get a lifePinocchio
22.2%
Revenge against the kid who maimed himCaptain Hook
21.9%
Power, even if it means pulling a ClaudiusScar
20.6%
Desires control of England, likes cheeseProfessor Ratigan
15.9%
Marriage, by any means necessary, fame and power wouldn't hurt eitherGaston
14.1%

From the Vault

Little Words That End in TH

by Flick

This quiz will give you the greatest thrill you'll have all week!
Remove Ads.
Support Sporcle.
Get the best of Sporcle when you Go Orange. This ad-free experience offers more features, more stats, and more fun while also helping to support Sporcle. Thank you for becoming a member.

Show Comments

Extras

Top Quizzes Today


Score Distribution

Your Account Isn't Verified!

In order to create a playlist on Sporcle, you need to verify the email address you used during registration. Go to your Sporcle Settings to finish the process.

Report this User

Report this user for behavior that violates our Community Guidelines.

Details: